000 01381cam a2200325 i 4500
001 33653
003 Mx-PuUPA
005 20250718135947.0
008 140415s2007 mx ao gr 000 0 spa d
020 _a9709456601
040 _aMx-PuUPA
_bspa
_cMx-PuUPA
_dMx-PuUPA
_erda
041 0 _aspa
100 1 _aCampa Mendoza, Víctor,
_d1942-
_917342
_eautor
245 1 3 _aLa literatura Náhuatl Guadalupana :
_bel Nican Mopohua, el ayate códice /
_cVíctor Campa Mendoza
250 _aPrimera edición
264 1 _aDurango, México :
_bInstituto Tecnológico de Durango,
_c2007
300 _a443 páginas :
_bilustraciones, fotografías (principalmente en color) ;
_c28 cm
336 _2rdacontent
_atexto
_btxt
337 _2rdamedia
_asin medio
_bn
338 _2rdacarrier
_avolumen
_bnc
500 _a"El Universalismo Guadalupano su relación con las culturas religiosas: Maya, Teotihuacana, Azteca, Peruana, Egipcia, Sumeria, Israelita, Hindú, China, El antiguo y nuevo testamento" .-- Cubierta
600 1 4 _aValeriano, Antonio,
_daproximadamente 1520-1605,
_xNicán Mopóhua
600 0 4 _aJuan Diego,
_cSanto,
_d1474-1548
600 0 4 _aNuestra Señora de Guadalupe
650 7 _2armarc
_aLiteratura náhuatl
_xTextos
651 4 _aMéxico
_xReligión
942 _2ddc
_cLI
_h232.917097253
_iC72
999 _c33653
_d33653